<?xml version="1.0" encoding="UTF-8"?>
<marc:record xmlns:marc="http://www.loc.gov/MARC21/slim">
   <marc:leader>00000nam a2200000 a 4500</marc:leader>
   <marc:datafield ind1="1" ind2=" " tag="100">
      <marc:subfield code="a">Khaschei, Kirsten</marc:subfield>
      <marc:subfield code="4">aut</marc:subfield>
      <marc:subfield code="e">Verfasser/-in</marc:subfield>
   </marc:datafield>
   <marc:datafield ind1="0" ind2="0" tag="245">
      <marc:subfield code="a">Schwanger</marc:subfield>
   </marc:datafield>
   <marc:datafield ind1="0" ind2="0" tag="245">
      <marc:subfield code="b">mein Kind und ich ; [sicher und gesund</marc:subfield>
   </marc:datafield>
   <marc:datafield ind1="0" ind2="0" tag="245">
      <marc:subfield code="c">Kirsten Khaschei. Stiftung Warentest</marc:subfield>
   </marc:datafield>
   <marc:datafield ind1=" " ind2="1" tag="264">
      <marc:subfield code="a">Berlin</marc:subfield>
      <marc:subfield code="b">Stiftung Warentest</marc:subfield>
      <marc:subfield code="c">2011</marc:subfield>
   </marc:datafield>
   <marc:datafield ind1="1" ind2=" " tag="490">
      <marc:subfield code="a">Test</marc:subfield>
   </marc:datafield>
   <marc:datafield ind1="1" ind2=" " tag="520">
      <marc:subfield code="a">Angaben aus der Verlagsmeldung

Schwanger : Mein Kind und ich - sicher und gesund

Mit dem Ratgeber bietet Stiftung Warentest werdenden Müttern – und Vätern! – ein Rundum-sorglos-Paket. Kompetente und kompakte Antworten auf all ihre Fragen sind hier einfühlsam und eingängig dargestellt, z.B. wie es Monat für Monat vorangeht. Informieren Sie sich zu Geburtsvorbereitung, Ernährung, Fitness und zu Vorsorge, Erkrankungen und Komplikationen während der Schwangerschaft. Aber auch Themen wie Änderungen in der Partnerschaft sowie alles zur Baby-Grundausstattung - was ist nützlich, geprüft und empfehlenswert? Weiterhin finden Sie Tipps zu Finanzen: Womit lässt sich rechnen und welche Versicherungen sind nützlich?
</marc:subfield>
   </marc:datafield>
   <marc:datafield ind1=" " ind2=" " tag="020">
      <marc:subfield code="a">9783868511215</marc:subfield>
      <marc:subfield code="9">9783868511215</marc:subfield>
   </marc:datafield>
   <marc:datafield ind1=" " ind2=" " tag="041">
      <marc:subfield code="a">ger</marc:subfield>
   </marc:datafield>
   <marc:datafield ind1=" " ind2=" " tag="300">
      <marc:subfield code="a">336 S.</marc:subfield>
   </marc:datafield>
</marc:record>
